Gran Casino : Sardañola Sardañola
Descripción Física:
80 p. : il. ; 17 cm
Materias:
Gran Casino de Sardañola
MARC
| LEADER | 00000nam a2200000Ia 4500 | ||
|---|---|---|---|
| 001 | 21892 | ||
| 008 | 160829s1947 xx 000 0 cat d | ||
| 080 | |a FU-45-71 | ||
| 245 | |a Gran Casino : |b Sardañola | ||
| 260 | |a Cerdanyola : |b Gráficas Londres, |c 1947 | ||
| 300 | |a 80 p. : |b il. ; |c 17 cm | ||
| 590 | |a Prové de Q-74, exp. 71. | ||
| 590 | |a Inclou un poema de J. O. Humet titulat: Les germanes de la Caritat | ||
| 650 | |a Gran Casino de Sardañola |9 47976 | ||
| 856 | 4 | |u https://media.diba.cat/diba/fitxers/arxiu/fulletons/bib_21892_1947_baixa.pdf |y Accés lliure | |
| 856 | 4 | |u https://media.diba.cat/diba/fitxers/arxiu/fulletons/bib_21892_1947_baixa.pdf |y Accés lliure | |
| 901 | |a Arxiu | ||
| 942 | |n 1 |2 udc | ||
| 952 | |0 0 |1 0 |4 0 |6 FU4571 |7 1 |9 54248 |a Arxiu |b Arxiu |d 2016-12-01 |l 0 |o FU-45-71 |p 21892 |r 2016-12-01 00:00:00 |w 2016-12-01 |y ARXIU | ||
| 999 | |c 58117 |d 58117 | ||
| 900 | |a bib_21892_1947_baixa.pdf | ||